LEADER 00642nas 2200193z- 450 001 9911003042703321 005 20260324110624.0 035 $a(CKB)6210000000038089 035 $a(DE-599)2857044-3 035 $a(EXLCZ)996210000000038089 100 $a20250520cuuuuuuuu -u- - 101 0 $aeng 200 00$aBurkina Faso: Enquête Démographique et de Santé et à Indicateurs Multiples (EDSBF-MICS ...) 210 $cICF International 517 $aBurkina Faso 906 $aJOURNAL 912 $a9911003042703321 996 $aBurkina Faso: Enquête Démographique et de Santé et à Indicateurs Multiples (EDSBF-MICS ...)$94382348 997 $aUNINA